=LDR 00000nam 2200000 4500 =001 NUTBA000000000001728 =005 20230510123331 =035 ##$$a 0010-051400000000193 =008 230510###########################0###### =020 ##$$a 978-979-769-465-4 =082 ##$$a 342.095 98 =100 ##$$a Zainal Asikin =245 1#$$a Pengantar Tata Hukum Indonesia /$c Dr. H. Zainal Asikin, S.H., S.U =260 ##$$a Jakarta :$b Rajawali Pres,$c 2013 =440 ##$$a pengantar tata hukum indonesia =850 ##$$a NBPN MAT =084 ##$$a 342.095 98 ZAI p =300 ##$$a xii, 298 hlm ; $c 23 cm =990 ##$$a 21197071/BPAP-NTB/2014 =990 ##$$a 21400613/BPAP-NTB/20142014 =990 ##$$a 21400613/BPAP-NTB/20142014 =990 ##$$a 0001/BPAP-NTB/20142014 =990 ##$$a 0001/BPAP-NTB/20142014 =990 ##$$a 0001/BPAP-NTB/20142014 =990 ##$$a 01201712928